Statistics for Largest Cities in Reunion

Click here to take the quiz!

General Stats

  • This quiz has been taken 9 times
  • The average score is 7 of 10

Answer Stats

PopulationCity% Correct
153,810Saint-Denis
100%
56,902Saint-Andre
88%
103,208Saint-Paul
88%
79,824Le Tampon
75%
84,982Saint-Pierre
75%
37,036Saint-Benoit
63%
34,061Sainte-Marie
63%
37,918Saint-Joseph
63%
34,586Saint-Leu
63%
53,120Saint-Louis
63%

Score Distribution

Percentile by Number Answered

Percent of People with Each Score

Your Score History

You have not taken this quiz